| 000 | 00597nam a2200157 i 4500 | ||
|---|---|---|---|
| 001 | 159946 | ||
| 003 | ES-MaACL | ||
| 005 | 20230906211904.0 | ||
| 008 | 000926s1861 sp |||| | spa d | ||
| 100 | 1 |
_aMonasterio y Correa, José de. _9130045 |
|
| 245 | 1 | 0 |
_aDatos para la historia del descubrimiento de los metales / _cpor José de Monasterio y Correa. |
| 260 |
_aMadrid : _b[s.n.], _c1861 ( _fImp. de la Viuda de Antonio Yenes) |
||
| 300 |
_a36 p. ; _c22 cm. |
||
| 650 | 4 |
_aMetales. _9136490 |
|
| 852 | 4 |
_aES-MaACL _jT-83-F-2 _z- Enc. hol., falto de cub. original _z- Enc. en un vol. facticio |
|
| 999 |
_c159946 _d159946 |
||